TE LINDE'S OPERATIVE GGNECOLOGY (Record no. 34986)

MARC details
000 -LEADER
fixed length control field 00394nam a22001697a 4500
003 - CONTROL NUMBER IDENTIFIER
control field SGT
020 ## - INTERNATIONAL STANDARD BOOK NUMBER
International Standard Book Number 9788197099502
082 ## - DEWEY DECIMAL CLASSIFICATION NUMBER
Classification number 618.1
Item number T25B
100 ## - MAIN ENTRY--PERSONAL NAME
Personal name BABU, SHARMILA ARUN
245 ## - TITLE STATEMENT
Title TE LINDE'S OPERATIVE GGNECOLOGY
250 ## - EDITION STATEMENT
Edition statement 1ST S.A
260 ## - PUBLICATION, DISTRIBUTION, ETC. (IMPRINT)
Place of publication, distribution, etc PHILADELPHIA
Name of publisher, distributor, etc WOLTERS KLUWER
Year of Publication 2025
300 ## - PAGE DESCRIPTION
No. of Pages 2270
650 ## - SUBJECT ADDED ENTRY--TOPICAL TERM
Topical term or geographic name as entry element OBST. & GYNE
942 ## - ADDED ENTRY ELEMENTS (KOHA)
Source of classification or shelving scheme Dewey Decimal Classification
Koha item type Books
Holdings
Withdrawn status Lost status Source of classification or shelving scheme Damaged status Not for loan Collection code Home library Current library Shelving location Date acquired Vendor Name Cost, normal purchase price SGTU Bill Number Total Checkouts Full call number Accession No. (Barcode) Date last seen Bill Date Koha item type
    Dewey Decimal Classification   Not For Loan MEDICAL SGT Medical Library SGT Medical Library Reference Book 01/06/2026 ABC DELHI 9272.00 SGTU 23076   618.1 T25B FM16337 29/06/2026 01/06/2026 Books